[Event "Abe Yanofsky mem."]
[Site "Winnipeg CAN"]
[Date "2005.09.03"]
[Round "2"]
[White "Rekhson, Vladislav"]
[Black "Sigurdson, Matthew"]
[Result "1-0"]
[WhiteElo "2120"]
[BlackElo "1115"]
[PlyCount "69"]
[GameId "2160767910900366"]
[EventDate "2005.09.03"]
[EventType "swiss"]
[EventRounds "6"]
[EventCountry "CAN"]
[SourceTitle "CBM 108 Extra"]
[Source "ChessBase"]
[SourceDate "2005.11.04"]
[SourceVersion "1"]
[SourceVersionDate "2005.11.04"]
[SourceQuality "1"]

1. e4 e6 2. d4 d5 3. exd5 exd5 4. Nf3 Nf6 5. c4 c6 6. Nc3 Bb4 7. a3 Bxc3+ 8. bxc3 O-O 9. Be2 Bf5 10. O-O Nbd7 11. Bg5 h6 12. Bh4 Qc7 13. Bd3 Bxd3 14. Qxd3 Rae8 15. Bg3 Qd8 16. Bd6 Nb6 17. c5 Nc4 18. Bxf8 Rxf8 19. Nd2 Nxd2 20. Qxd2 Ne4 21. Qb2 Qc7 22. f3 Nf6 23. Rab1 Rb8 24. Rfe1 b6 25. Qb4 b5 26. a4 a6 27. axb5 Rxb5 28. Qa4 Ra5 29. Rb7 Qd8 30. Qxc6 Ra2 31. Qd6 Qa5 32. Qe7 Kh8 33. Qxf7 Nh5 34. Re8+ Kh7 35. Qf5# 1-0

[Event "Abe Yanofsky mem."]
[Site "Winnipeg CAN"]
[Date "2005.09.03"]
[Round "2"]
[White "Rutter, Blair"]
[Black "Pierre, Rolland"]
[Result "1-0"]
[WhiteElo "1772"]
[BlackElo "1537"]
[PlyCount "45"]
[GameId "2160767910900367"]
[EventDate "2005.09.03"]
[EventType "swiss"]
[EventRounds "6"]
[EventCountry "CAN"]
[SourceTitle "CBM 108 Extra"]
[Source "ChessBase"]
[SourceDate "2005.11.04"]
[SourceVersion "1"]
[SourceVersionDate "2005.11.04"]
[SourceQuality "1"]

1. c4 Nf6 2. g3 e6 3. Bg2 c5 4. Nc3 d5 5. cxd5 exd5 6. e3 Be7 7. Nf3 Nc6 8. d4 O-O 9. O-O a6 10. h3 c4 11. Kh2 Bf5 12. a3 Qd6 13. b4 b5 14. Ne1 h5 15. f4 g6 16. Nf3 Nh7 17. Ne5 Nd8 18. Nxd5 h4 19. g4 Bxg4 20. Nxg4 Bg5 21. Kh1 Be7 22. Nxe7+ Qxe7 23. Bxa8 1-0

[Event "Abe Yanofsky mem."]
[Site "Winnipeg CAN"]
[Date "2005.09.03"]
[Round "2"]
[White "Shipov, Sergei"]
[Black "Tang, Edward"]
[Result "1-0"]
[WhiteElo "2620"]
[BlackElo "1985"]
[PlyCount "61"]
[GameId "2160767910900368"]
[EventDate "2005.09.03"]
[EventType "swiss"]
[EventRounds "6"]
[EventCountry "CAN"]
[SourceTitle "CBM 108 Extra"]
[Source "ChessBase"]
[SourceDate "2005.11.04"]
[SourceVersion "1"]
[SourceVersionDate "2005.11.04"]
[SourceQuality "1"]

1. d4 Nf6 2. c4 g6 3. Nc3 Bg7 4. e4 d6 5. Be2 O-O 6. Nf3 e5 7. Be3 exd4 8. Nxd4 Re8 9. f3 c6 10. Bf2 d5 11. exd5 cxd5 12. O-O Nc6 13. c5 Nh5 14. Qd2 Be5 15. g3 Ng7 16. Rfd1 Be6 17. Nxe6 fxe6 18. f4 Bf6 19. Bf3 Nf5 20. Bg2 Qe7 21. Rab1 Rad8 22. b4 a6 23. a3 Qg7 24. Ne2 h5 25. Qc2 d4 26. Be4 d3 27. Rxd3 Nfd4 28. Nxd4 Nxd4 29. Qc4 g5 30. fxg5 Qxg5 31. Rxd4 1-0

[Event "Abe Yanofsky mem."]
[Site "Winnipeg CAN"]
[Date "2005.09.03"]
[Round "2"]
[White "Thompson, David Seip"]
[Black "Magyar, Peter"]
[Result "1-0"]
[WhiteElo "1367"]
[BlackElo "1685"]
[PlyCount "79"]
[GameId "2160767910900369"]
[EventDate "2005.09.03"]
[EventType "swiss"]
[EventRounds "6"]
[EventCountry "CAN"]
[SourceTitle "CBM 108 Extra"]
[Source "ChessBase"]
[SourceDate "2005.11.04"]
[SourceVersion "1"]
[SourceVersionDate "2005.11.04"]
[SourceQuality "1"]

1. e4 e6 2. b3 c5 3. Bb2 Nf6 4. e5 Nd5 5. c4 Nc7 6. Nf3 Nc6 7. Nc3 d6 8. exd6 Bxd6 9. Be2 O-O 10. O-O Nd4 11. Nxd4 cxd4 12. Ne4 Bxh2+ 13. Kxh2 Qh4+ 14. Kg1 Qxe4 15. Bf3 Qe5 16. d3 Qf6 17. g3 e5 18. Kg2 Ne6 19. Bc1 Rb8 20. Rh1 Ng5 21. Bxg5 Qxg5 22. Rh5 Qf6 23. Qe2 b6 24. Rah1 h6 25. Qxe5 Qxe5 26. Rxe5 Bb7 27. Re7 Bxf3+ 28. Kxf3 Ra8 29. Rhe1 Rfc8 30. Rd7 Rd8 31. Ree7 a5 32. Rxf7 Rxd7 33. Rxd7 Re8 34. Rd6 Re1 35. Rxb6 Ra1 36. a4 Rb1 37. Ke4 Rf1 38. f3 h5 39. Rb5 g6 40. Rxa5 1-0

[Event "Abe Yanofsky mem."]
[Site "Winnipeg CAN"]
[Date "2005.09.03"]
[Round "2"]
[White "Van Wyk, Joseph"]
[Black "Melamedoff, Gustavo"]
[Result "1/2-1/2"]
[WhiteElo "1885"]
[BlackElo "2024"]
[PlyCount "87"]
[GameId "2160767910900370"]
[EventDate "2005.09.03"]
[EventType "swiss"]
[EventRounds "6"]
[EventCountry "CAN"]
[SourceTitle "CBM 108 Extra"]
[Source "ChessBase"]
[SourceDate "2005.11.04"]
[SourceVersion "1"]
[SourceVersionDate "2005.11.04"]
[SourceQuality "1"]

1. e4 c6 2. d4 d5 3. Nc3 dxe4 4. Nxe4 Nf6 5. Nxf6+ exf6 6. Be3 Bb4+ 7. c3 Bd6 8. Bd3 Be6 9. Ne2 Qc7 10. Ng3 Nd7 11. Ne4 Bf4 12. Qd2 Bxe3 13. Qxe3 O-O-O 14. O-O Rhe8 15. Qg3 Qxg3 16. Nxg3 g6 17. Ne4 Kc7 18. Rfe1 f5 19. Ng5 h6 20. Nxe6+ fxe6 21. Bc4 Kd6 22. Rad1 a5 23. Rd3 b5 24. Bb3 a4 25. Bd1 Nf6 26. g3 g5 27. Bf3 g4 28. Bg2 Nd5 29. Bxd5 exd5 30. Rde3 Re4 31. f3 gxf3 32. Kf2 Rde8 33. Kxf3 R8e6 34. b4 h5 35. R1e2 Ke7 36. h4 Kd6 37. Re1 Rg6 38. R1e2 Rgg4 39. Rg2 Ke6 40. Ree2 Kf6 41. Rgf2 Rxe2 42. Rxe2 Re4 43. Re3 Ke6 44. Re2 1/2-1/2

[Event "Abe Yanofsky mem."]
[Site "Winnipeg CAN"]
[Date "2005.09.03"]
[Round "2"]
[White "Vincent, Trevor"]
[Black "Thompson, Brian"]
[Result "1-0"]
[WhiteElo "2034"]
[BlackElo "1864"]
[PlyCount "69"]
[GameId "2160767910900371"]
[EventDate "2005.09.03"]
[EventType "swiss"]
[EventRounds "6"]
[EventCountry "CAN"]
[SourceTitle "CBM 108 Extra"]
[Source "ChessBase"]
[SourceDate "2005.11.04"]
[SourceVersion "1"]
[SourceVersionDate "2005.11.04"]
[SourceQuality "1"]

1. c4 g6 2. g3 Bg7 3. Bg2 d6 4. Nc3 Nf6 5. d3 c6 6. e4 O-O 7. Nge2 e5 8. O-O Be6 9. f4 Bg4 10. h3 Bxe2 11. Nxe2 Nbd7 12. Be3 Bh6 13. Qd2 exf4 14. Nxf4 Ne5 15. b3 Qc7 16. Rf2 Rad8 17. Nd5 cxd5 18. Bxh6 Nh5 19. Bxf8 Rxf8 20. g4 Ng7 21. d4 Nd7 22. cxd5 f6 23. Rc1 Qb6 24. Qc3 Rf7 25. a4 Ne8 26. a5 Qd8 27. Qc8 Qe7 28. Rc7 b6 29. a6 Kg7 30. Rxa7 f5 31. gxf5 Nef6 32. fxg6 h6 33. Rc7 Rf8 34. Qb7 Rb8 35. Qxb8 1-0

[Event "Abe Yanofsky mem."]
[Site "Winnipeg CAN"]
[Date "2005.09.03"]
[Round "2"]
[White "Wasney, Mark"]
[Black "Klassen, Paul"]
[Result "1/2-1/2"]
[WhiteElo "1681"]
[BlackElo "1461"]
[PlyCount "79"]
[GameId "2160767910900372"]
[EventDate "2005.09.03"]
[EventType "swiss"]
[EventRounds "6"]
[EventCountry "CAN"]
[SourceTitle "CBM 108 Extra"]
[Source "ChessBase"]
[SourceDate "2005.11.04"]
[SourceVersion "1"]
[SourceVersionDate "2005.11.04"]
[SourceQuality "1"]

1. d4 d5 2. c4 e6 3. Nc3 Nf6 4. Nf3 c6 5. Bg5 Nbd7 6. e3 Qa5 7. cxd5 cxd5 8. Bd3 Bb4 9. Qc2 Ne4 10. Rc1 Ndf6 11. O-O Nxg5 12. Nxg5 h6 13. Nf3 O-O 14. Ne5 Bxc3 15. bxc3 Rd8 16. Rb1 Qc7 17. Rfc1 b6 18. Qe2 Bb7 19. f3 Nd7 20. Nxd7 Rxd7 21. f4 f5 22. Qh5 Rf8 23. Rb2 Qc8 24. g4 Rdf7 25. Rg2 Qd7 26. gxf5 exf5 27. Qxh6 Rf6 28. Qg5 R8f7 29. h4 Qe7 30. Qg3 Rh6 31. Rh2 Rg6 32. Qxg6 Qxe3+ 33. Kg2 Qd2+ 34. Kh3 Qxc1 35. Bxf5 Qxc3+ 36. Kg4 Rxf5 37. Kxf5 Qd3+ 38. Kg5 Qg3+ 39. Kf5 Qxh2 40. Qe8+ 1/2-1/2

[Event "Abe Yanofsky mem."]
[Site "Winnipeg CAN"]
[Date "2005.09.03"]
[Round "2"]
[White "Wasserman, Leor"]
[Black "Remillard, John"]
[Result "0-1"]
[WhiteElo "1181"]
[BlackElo "1587"]
[PlyCount "54"]
[GameId "2160767910900373"]
[EventDate "2005.09.03"]
[EventType "swiss"]
[EventRounds "6"]
[EventCountry "CAN"]
[SourceTitle "CBM 108 Extra"]
[Source "ChessBase"]
[SourceDate "2005.11.04"]
[SourceVersion "1"]
[SourceVersionDate "2005.11.04"]
[SourceQuality "1"]

1. e4 e5 2. Nf3 d6 3. Nc3 Nf6 4. Bd3 Be7 5. O-O h5 6. b3 h4 7. h3 Nh5 8. Nd5 Rh6 9. Nxe7 Qxe7 10. Be2 Rg6 11. Ne1 Nf4 12. Bh5 Rg5 13. Bf3 Bxh3 14. Kh1 Qe6 15. Rg1 Bg4 16. d3 h3 17. gxh3 Bxf3+ 18. Nxf3 Qxh3+ 19. Nh2 Rh5 20. Bxf4 exf4 21. Rg2 f3 22. Qg1 fxg2+ 23. Qxg2 Qxg2+ 24. Kxg2 Nd7 25. Kf3 Rxh2 26. Rg1 g6 27. Rg5 Rd8 0-1

[Event "Abe Yanofsky mem."]
[Site "Winnipeg CAN"]
[Date "2005.09.03"]
[Round "2"]
[White "Zaczek, Jonathon"]
[Black "Khedkar, Jay S"]
[Result "1-0"]
[WhiteElo "2053"]
[BlackElo "1894"]
[PlyCount "39"]
[GameId "2160767910900374"]
[EventDate "2005.09.03"]
[EventType "swiss"]
[EventRounds "6"]
[EventCountry "CAN"]
[SourceTitle "CBM 108 Extra"]
[Source "ChessBase"]
[SourceDate "2005.11.04"]
[SourceVersion "1"]
[SourceVersionDate "2005.11.04"]
[SourceQuality "1"]

1. e4 c5 2. Nf3 d6 3. d4 cxd4 4. Nxd4 Nf6 5. Nc3 a6 6. Bc4 e6 7. Bb3 Qc7 8. g4 Nc6 9. g5 Nd7 10. f4 Nc5 11. Be3 b5 12. Qe2 b4 13. Na4 Bd7 14. Nxc5 dxc5 15. Nxc6 Bxc6 16. f5 Qe5 17. O-O-O Be7 18. fxe6 fxe6 19. Rhf1 Bxg5 20. Qh5+ 1-0

[Event "Abe Yanofsky mem."]
[Site "Winnipeg CAN"]
[Date "2005.09.04"]
[Round "3"]
[White "Babb, Jeff"]
[Black "Shipov, Sergei"]
[Result "0-1"]
[WhiteElo "2166"]
[BlackElo "2620"]
[PlyCount "74"]
[GameId "2160767910900375"]
[EventDate "2005.09.03"]
[EventType "swiss"]
[EventRounds "6"]
[EventCountry "CAN"]
[SourceTitle "CBM 108 Extra"]
[Source "ChessBase"]
[SourceDate "2005.11.04"]
[SourceVersion "1"]
[SourceVersionDate "2005.11.04"]
[SourceQuality "1"]

1. e4 c5 2. Nc3 Nc6 3. g3 g6 4. Bg2 Bg7 5. d3 d6 6. Be3 Nd4 7. Qd2 Qa5 8. Nge2 e6 9. O-O Ne7 10. Nc1 Bd7 11. Nb3 Qc7 12. Rac1 O-O 13. Bh6 e5 14. Bxg7 Kxg7 15. Nxd4 cxd4 16. Ne2 Rac8 17. c4 a5 18. f4 f6 19. Rf2 Qc5 20. Rb1 b5 21. b3 Qb4 22. Qxb4 axb4 23. h3 Ra8 24. Rb2 Nc6 25. Kh2 Nd8 26. h4 Nb7 27. Nc1 Nc5 28. Rf1 Bc6 29. Rbf2 bxc4 30. bxc4 Ra3 31. Rd1 Ba4 32. Rdd2 Rc3 33. Rf1 Bc2 34. Rf3 Ra8 35. fxe5 fxe5 36. Ne2 Bxd3 37. Nxc3 bxc3 0-1

[Event "Abe Yanofsky mem."]
[Site "Winnipeg CAN"]
[Date "2005.09.04"]
[Round "3"]
[White "Bist, Jordan"]
[Black "Anderson, George"]
[Result "0-1"]
[WhiteElo "1218"]
[BlackElo "1486"]
[PlyCount "48"]
[GameId "2160767910900376"]
[EventDate "2005.09.03"]
[EventType "swiss"]
[EventRounds "6"]
[EventCountry "CAN"]
[SourceTitle "CBM 108 Extra"]
[Source "ChessBase"]
[SourceDate "2005.11.04"]
[SourceVersion "1"]
[SourceVersionDate "2005.11.04"]
[SourceQuality "1"]

1. e4 e6 2. Nc3 Ne7 3. f4 d5 4. d4 dxe4 5. Nxe4 Qd5 6. Bd3 Bd7 7. Nf3 Nbc6 8. c4 Qh5 9. O-O Nf5 10. Ne5 Qxd1 11. Rxd1 Nfxd4 12. Nxd7 Kxd7 13. Be3 Rd8 14. Bxd4 Nxd4 15. Bf1 Kc8 16. Rac1 f5 17. Ng5 Rd7 18. Nf7 Rxf7 19. Rxd4 Bc5 20. Rcd1 Rd8 21. Kh1 Rxd4 22. Rxd4 Bxd4 23. c5 Bxc5 24. Bc4 Re7 0-1

[Event "Abe Yanofsky mem."]
[Site "Winnipeg CAN"]
[Date "2005.09.04"]
[Round "3"]
[White "Bist, Kent"]
[Black "Bince, Rolando"]
[Result "0-1"]
[WhiteElo "1571"]
[BlackElo "1860"]
[PlyCount "33"]
[GameId "2160767910900377"]
[EventDate "2005.09.03"]
[EventType "swiss"]
[EventRounds "6"]
[EventCountry "CAN"]
[SourceTitle "CBM 108 Extra"]
[Source "ChessBase"]
[SourceDate "2005.11.04"]
[SourceVersion "1"]
[SourceVersionDate "2005.11.04"]
[SourceQuality "1"]

1. c4 Nf6 2. Nc3 c5 3. e3 e6 4. Nf3 d5 5. cxd5 exd5 6. d4 c4 7. Be2 Nc6 8. O-O Bd6 9. e4 dxe4 10. Ne5 Bxe5 11. dxe5 Qxd1 12. Rxd1 Nxe5 13. Bg5 Be6 14. Bxf6 gxf6 15. Nxe4 Ke7 16. b3 cxb3 17. axb3 0-1

[Event "Abe Yanofsky mem."]
[Site "Winnipeg CAN"]
[Date "2005.09.04"]
[Round "3"]
[White "Bluvshtein, Mark"]
[Black "Zaczek, Jonathon"]
[Result "1-0"]
[WhiteElo "2553"]
[BlackElo "2053"]
[PlyCount "41"]
[GameId "2160767910900378"]
[EventDate "2005.09.03"]
[EventType "swiss"]
[EventRounds "6"]
[EventCountry "CAN"]
[SourceTitle "CBM 108 Extra"]
[Source "ChessBase"]
[SourceDate "2005.11.04"]
[SourceVersion "1"]
[SourceVersionDate "2005.11.04"]
[SourceQuality "1"]

1. d4 Nf6 2. c4 g6 3. Nc3 d5 4. Nf3 Bg7 5. e3 O-O 6. b4 b6 7. Ba3 c6 8. Be2 Bb7 9. O-O Nbd7 10. Rc1 Ne4 11. cxd5 cxd5 12. b5 Re8 13. Nxe4 dxe4 14. Nd2 e5 15. Nc4 Bd5 16. dxe5 Bxc4 17. Rxc4 Bxe5 18. Qc2 Rc8 19. Rd1 Rc7 20. Rxc7 Bxc7 21. Qc6 1-0

[Event "Abe Yanofsky mem."]
[Site "Winnipeg CAN"]
[Date "2005.09.04"]
[Round "3"]
[White "Booth, Kevin"]
[Black "Wasney, Mark"]
[Result "1-0"]
[WhiteElo "1336"]
[BlackElo "1681"]
[PlyCount "68"]
[GameId "2160767910900379"]
[EventDate "2005.09.03"]
[EventType "swiss"]
[EventRounds "6"]
[EventCountry "CAN"]
[SourceTitle "CBM 108 Extra"]
[Source "ChessBase"]
[SourceDate "2005.11.04"]
[SourceVersion "1"]
[SourceVersionDate "2005.11.04"]
[SourceQuality "1"]

1. d4 d5 2. c4 c6 3. g3 Nf6 4. Bg2 e6 5. Bg5 Bb4+ 6. Nc3 O-O 7. e3 Nbd7 8. Nge2 h6 9. Bxf6 Nxf6 10. cxd5 exd5 11. O-O Bg4 12. Qc2 Re8 13. Rad1 Qd7 14. Rfe1 Bh5 15. a3 Bd6 16. Rc1 Bg6 17. Qd2 Re7 18. b4 a6 19. Na4 Ne4 20. Qb2 Qf5 21. Rf1 Ng5 22. Nc5 h5 23. h4 Nf3+ 24. Kh1 Qg4 25. Nf4 Be4 26. Nxe4 dxe4 27. Bh3 Nh2 28. Bxg4 Nxg4 29. Nxh5 Re6 30. Qc2 Rc8 31. Qe2 f5 32. Nf4 Rh6 33. f3 exf3 34. Qxf3 Rf8 1-0

[Event "Abe Yanofsky mem."]
[Site "Winnipeg CAN"]
[Date "2005.09.04"]
[Round "3"]
[White "Boron, Anthony"]
[Black "Oberton, Daniel"]
[Result "1-0"]
[WhiteElo "1964"]
[BlackElo "1661"]
[PlyCount "143"]
[GameId "2160767910900380"]
[EventDate "2005.09.03"]
[EventType "swiss"]
[EventRounds "6"]
[EventCountry "CAN"]
[SourceTitle "CBM 108 Extra"]
[Source "ChessBase"]
[SourceDate "2005.11.04"]
[SourceVersion "1"]
[SourceVersionDate "2005.11.04"]
[SourceQuality "1"]

1. d4 Nf6 2. Nf3 g6 3. Nc3 Bg7 4. e4 d6 5. Be3 O-O 6. Qd2 Bg4 7. Be2 Nbd7 8. O-O-O c5 9. h3 Bxf3 10. Bxf3 cxd4 11. Bxd4 Rc8 12. g4 Nb6 13. g5 Nfd7 14. Bxg7 Kxg7 15. Qd4+ Kg8 16. Be2 Ne5 17. h4 Qc7 18. h5 Qc5 19. f4 Nec4 20. Bxc4 Nxc4 21. Nd5 Rfe8 22. hxg6 fxg6 23. Rh3 Qxd4 24. Rxd4 Nb6 25. Nxb6 axb6 26. Kd2 Rc6 27. Rb4 Rec8 28. c3 Ra8 29. a3 Ra5 30. Ke3 b5 31. Kd4 e6 32. Kd3 Kg7 33. Rd4 Ra4 34. Rh2 Kg8 35. Ke3 Kg7 36. Rhd2 Raa6 37. Rh2 Ra4 38. Kd3 Kg8 39. Rf2 Kg7 40. Re2 h6 41. gxh6+ Kxh6 42. Rh2+ Kg7 43. Rg2 Kh6 44. Rg1 Kh7 45. Rg5 Rb6 46. Rb4 Rxb4 47. axb4 Kh6 48. Rg1 Ra6 49. Kd4 Rc6 50. Ra1 b6 51. Ra7 g5 52. fxg5+ Kxg5 53. Rf7 Rc4+ 54. Kd3 Rc6 55. b3 Kg6 56. Rf3 Kg5 57. Kd4 Kg6 58. e5 d5 59. Rf8 Kg7 60. Rd8 Kf7 61. Rh8 Kg7 62. Rh1 Kg6 63. Rf1 Kg7 64. Rc1 Kf7 65. c4 bxc4 66. bxc4 Ke7 67. Rc3 Rxc4+ 68. Rxc4 dxc4 69. Kxc4 Kd7 70. Kb5 Kc7 71. Ka6 Kc6 72. Ka7 1-0

[Event "Abe Yanofsky mem."]
[Site "Winnipeg CAN"]
[Date "2005.09.04"]
[Round "3"]
[White "Cheyne, Andrew"]
[Black "Klokow, John"]
[Result "0-1"]
[WhiteElo "1436"]
[BlackElo "1742"]
[PlyCount "32"]
[GameId "2160767910900381"]
[EventDate "2005.09.03"]
[EventType "swiss"]
[EventRounds "6"]
[EventCountry "CAN"]
[SourceTitle "CBM 108 Extra"]
[Source "ChessBase"]
[SourceDate "2005.11.04"]
[SourceVersion "1"]
[SourceVersionDate "2005.11.04"]
[SourceQuality "1"]

1. e4 e5 2. Nf3 Nc6 3. Bb5 Nf6 4. O-O Nxe4 5. Re1 d5 6. d4 Be7 7. dxe5 O-O 8. Nbd2 Bg4 9. Nxe4 dxe4 10. Qxd8 Raxd8 11. Bxc6 bxc6 12. Rxe4 Rd1+ 13. Ne1 Bf5 14. Re2 Bxc2 15. a3 Bd3 16. Kf1 Bg5 0-1

[Event "Abe Yanofsky mem."]
[Site "Winnipeg CAN"]
[Date "2005.09.04"]
[Round "3"]
[White "Curtis, Rory"]
[Black "Corsmeier, Tom"]
[Result "1-0"]
[WhiteElo "1702"]
[BlackElo "1586"]
[PlyCount "117"]
[GameId "2160767910900383"]
[EventDate "2005.09.03"]
[EventType "swiss"]
[EventRounds "6"]
[EventCountry "CAN"]
[SourceTitle "CBM 108 Extra"]
[Source "ChessBase"]
[SourceDate "2005.11.04"]
[SourceVersion "1"]
[SourceVersionDate "2005.11.04"]
[SourceQuality "1"]

1. d4 e6 2. c4 f5 3. Nf3 Nf6 4. Bg5 d5 5. e3 c6 6. Be2 Be7 7. Nbd2 O-O 8. O-O Nbd7 9. Rc1 b6 10. cxd5 cxd5 11. Qa4 Nb8 12. Ne5 Bd7 13. Bb5 Bxb5 14. Qxb5 a6 15. Qe2 b5 16. Rc2 Nfd7 17. Bxe7 Qxe7 18. Ndf3 Nxe5 19. Nxe5 Ra7 20. Rfc1 Qb7 21. Qh5 Nd7 22. Nc6 Nf6 23. Qe2 Raa8 24. Na5 Qb6 25. b4 Qd6 26. a3 Ng4 27. g3 h5 28. f3 Nf6 29. Rc7 Rf7 30. Rc8+ Rf8 31. R8c7 Rf7 32. Qc2 Ne8 33. Rc8 Rxc8 34. Qxc8 Rf8 35. Rc6 Qe7 36. Qxa6 Qg5 37. Rc3 Rf6 38. Qxb5 Nd6 39. Qe2 h4 40. Qg2 Rg6 41. Kf2 Qf6 42. Nc6 Rh6 43. Ne5 Rh5 44. a4 Qh6 45. Kg1 hxg3 46. hxg3 f4 47. Ng4 Qg6 48. Qc2 Ne4 49. fxe4 Qxg4 50. exf4 Rh3 51. Kg2 dxe4 52. Re3 Qh5 53. Qxe4 Rh2+ 54. Kg1 Ra2 55. Qxe6+ Kh7 56. Qxa2 Qd1+ 57. Kf2 Qh1 58. Qc2+ Kg8 59. Qe4 1-0

[Event "Abe Yanofsky mem."]
[Site "Winnipeg CAN"]
[Date "2005.09.04"]
[Round "3"]
[White "Haynes, Nicolas"]
[Black "Van Wyk, Joseph"]
[Result "0-1"]
[WhiteElo "2042"]
[BlackElo "1885"]
[PlyCount "100"]
[GameId "2160767910900384"]
[EventDate "2005.09.03"]
[EventType "swiss"]
[EventRounds "6"]
[EventCountry "CAN"]
[SourceTitle "CBM 108 Extra"]
[Source "ChessBase"]
[SourceDate "2005.11.04"]
[SourceVersion "1"]
[SourceVersionDate "2005.11.04"]
[SourceQuality "1"]

1. c4 c5 2. Nc3 e6 3. Nf3 Nf6 4. g3 Nc6 5. Bg2 d5 6. cxd5 exd5 7. d4 Be6 8. O-O c4 9. Ne5 Qb6 10. Nxc6 bxc6 11. h3 g6 12. f4 Rd8 13. e3 Nd7 14. g4 f5 15. Rb1 Bg7 16. b4 cxb3 17. Rxb3 Qc7 18. Ba3 Kf7 19. gxf5 Bxf5 20. Nxd5 cxd5 21. Bxd5+ Ke8 22. Qf3 Nb6 23. Rc1 Qb8 24. Bc5 Rc8 25. a4 Qc7 26. a5 Nxd5 27. Qxd5 Qc6 28. Qxc6+ Rxc6 29. Rb7 Bf6 30. Rxa7 Bxh3 31. Rb1 Bd8 32. Bb6 Bf5 33. Rb5 Rc1+ 34. Kf2 Rc2+ 35. Ke1 Bh4+ 36. Kd1 Rc8 37. Re5+ Kf8 38. Bc5+ Kg8 39. a6 Bf6 40. Rd5 h5 41. Rd6 Bd8 42. Rb7 Rh7 43. Rxh7 Kxh7 44. a7 h4 45. Ke2 Be4 46. Rd7+ Kh6 47. Kf2 Kh5 48. Kg1 Ba5 49. Kh2 Kg4 50. Re7 Kf3 0-1

[Event "Abe Yanofsky mem."]
[Site "Winnipeg CAN"]
[Date "2005.09.04"]
[Round "3"]
[White "Hinds, Ronald"]
[Black "Einarsson, Ken"]
[Result "1-0"]
[WhiteElo "1913"]
[BlackElo "1587"]
[PlyCount "83"]
[GameId "2160767910900385"]
[EventDate "2005.09.03"]
[EventType "swiss"]
[EventRounds "6"]
[EventCountry "CAN"]
[SourceTitle "CBM 108 Extra"]
[Source "ChessBase"]
[SourceDate "2005.11.04"]
[SourceVersion "1"]
[SourceVersionDate "2005.11.04"]
[SourceQuality "1"]

1. e4 e5 2. Nf3 Nc6 3. d4 exd4 4. Nxd4 Bc5 5. Nxc6 bxc6 6. Bd3 Ne7 7. O-O O-O 8. Qh5 d6 9. Nc3 Ng6 10. Na4 Bb6 11. Nxb6 axb6 12. f4 Qh4 13. Qxh4 Nxh4 14. f5 d5 15. Bg5 dxe4 16. Bxe4 Ra4 17. Rae1 Nxf5 18. Bxf5 Rxa2 19. Bxc8 Rxc8 20. Bc1 Raa8 21. Re7 f6 22. g3 Kf8 23. Rfe1 Re8 24. Rxe8+ Rxe8 25. Rxe8+ Kxe8 26. Kf2 Kd7 27. Kf3 Ke6 28. Bf4 Kd7 29. c4 b5 30. c5 h5 31. h4 g6 32. Ke4 Kd8 33. Kd4 Kd7 34. Kc3 Kc8 35. Kb4 Kb8 36. Ka5 Kb7 37. Be3 Ka7 38. Bd4 f5 39. Be5 Kb7 40. Bf4 Kc8 41. Ka6 Kb8 42. Be5 1-0

[Event "Abe Yanofsky mem."]
[Site "Winnipeg CAN"]
[Date "2005.09.04"]
[Round "3"]
[White "Jarmasz, Mark"]
[Black "Lafreniere, Adrian"]
[Result "0-1"]
[WhiteElo "1977"]
[BlackElo "1763"]
[PlyCount "68"]
[GameId "2160767910900386"]
[EventDate "2005.09.03"]
[EventType "swiss"]
[EventRounds "6"]
[EventCountry "CAN"]
[SourceTitle "CBM 108 Extra"]
[Source "ChessBase"]
[SourceDate "2005.11.04"]
[SourceVersion "1"]
[SourceVersionDate "2005.11.04"]
[SourceQuality "1"]

1. e4 g6 2. d4 Bg7 3. Nf3 d6 4. Be2 Nc6 5. O-O e5 6. d5 Nce7 7. c4 Nf6 8. Nc3 Bg4 9. h3 Bxf3 10. Bxf3 O-O 11. g4 Nd7 12. g5 a6 13. Bg4 f5 14. gxf6 Nxf6 15. Be6+ Kh8 16. Be3 Nh5 17. Ne2 Ng8 18. Qd2 Qh4 19. Bg4 Nhf6 20. f3 Nxg4 21. hxg4 Qh3 22. g5 Rxf3 23. Rxf3 Qxf3 24. Nc3 Rf8 25. Bf2 h6 26. Qe3 Qh5 27. Kg2 Rf4 28. Rh1 Qxg5+ 29. Bg3 Nf6 30. Ne2 Ng4 31. Qc1 Nf2 32. Rf1 Nd3 33. Qc2 Rf2+ 34. Kg1 Qxg3+ 0-1

[Event "Abe Yanofsky mem."]
[Site "Winnipeg CAN"]
[Date "2005.09.04"]
[Round "3"]
[White "Khedkar, Jay S"]
[Black "Remillard, John"]
[Result "1-0"]
[WhiteElo "1894"]
[BlackElo "1587"]
[PlyCount "85"]
[GameId "2160767910900387"]
[EventDate "2005.09.03"]
[EventType "swiss"]
[EventRounds "6"]
[EventCountry "CAN"]
[SourceTitle "CBM 108 Extra"]
[Source "ChessBase"]
[SourceDate "2005.11.04"]
[SourceVersion "1"]
[SourceVersionDate "2005.11.04"]
[SourceQuality "1"]

1. e4 e5 2. Nf3 Nc6 3. Bb5 Nge7 4. O-O a6 5. Ba4 b5 6. Bb3 Nd4 7. Nxe5 Nxb3 8. axb3 d6 9. Nf3 Ng6 10. d4 Be7 11. Nc3 O-O 12. Nxb5 c6 13. Nc3 Qc7 14. Re1 Bg4 15. h3 Bd7 16. Qd3 a5 17. Bg5 Rfe8 18. Qc4 Qc8 19. e5 d5 20. Qd3 Bxg5 21. Nxg5 h6 22. e6 Bxe6 23. Nxe6 Rxe6 24. Rxe6 Qxe6 25. b4 a4 26. Qf3 Nh4 27. Qg3 g5 28. Qe5 Qg6 29. Qe2 Nf5 30. Qd3 Qf6 31. b5 Nxd4 32. bxc6 Nxc6 33. Qxd5 Rd8 34. Qb5 Rb8 35. Qxa4 Rxb2 36. Nd5 Qd6 37. Qxc6 Qxc6 38. Ne7+ Kf8 39. Nxc6 Rxc2 40. Ra8+ Kg7 41. Nd4 Rc7 42. Ra6 f6 43. Ne6+ 1-0